00558nam a2200193Ia 4500003000900000008004100009020001800050040001600068080001500084100001700099245008600116260003000202300001400232650001500246650002900261650004100290700001800331700001500349IN-BaIIA211028s9999 xx 000 0 eng d a0-444-51881-9 cIIA Library a523.7bMUL aLui, A. T. Y 0aMultiscale coupling of sun-earth processescA T Y Lui, Y Kamide and G Consolini aAmsterdambElsevierc2005 aix, 516p. aComplexity aMagnetospheric substorms aTurbulence multiscale space missions aConsolini, G. aKamide, Y.